Normal view
MARC view
- Ciencia
Entry Materia
001 - NÚMERO DE CONTROL DEL REGISTRO
- campo de control: 5900
003 - IDENTIFICADOR DE NUMERO DE CONTROL
- campo de control: MX-MxUPN
005 - FECHA Y HORA DE LA ÚLTIMA TRANSACCIÓN
- campo de control: 20251023103927.0
008 - DATOS DE LONGITUD FIJA
- campo de control de longitud fija: 250226nn fnnnnbabn b ana |d
035 ## - NÚMERO DE CONTROL DEL SISTEMA
- Número de control del sistema: UPN10000005900
040 ## - FUENTE DE LA CATALOGACIÓN
- Centro catalogador de origen: MX-MxUPN
- Lengua de catalogación: spa
053 #4 - NÚMERO CLASIFICADOR - BIBLIOTECA DEL CONGRESO (LC)
- Elemento numérico de la clasificación - Número único o no. inicial del rango: Q128
053 #4 - NÚMERO CLASIFICADOR - BIBLIOTECA DEL CONGRESO (LC)
- Elemento numérico de la clasificación - Número único o no. inicial del rango: LB1585
150 ## - ENCABEZAMIENTO - TEMÁTICO
- Término de materia o nombre geográfico como elemento inicial: Ciencia
- Subdivisión de materia general: Experimentos
450 ## - VÉASE - MATERIA
- Encabezamiento temático: Experimentación científica
670 ## - FUENTE EN LA QUE SE LOCALIZARON DATOS
- Cita de la fuente: Escamilla González, G. Lista de encabezamientos de materia :
- Información localizada: página 163 (Ciencia -- Experimentos)
902 ## - CATALOGADOR
- Catalogador: LG/091096
- Catalogador: VíctorGodínez/260225
